01842nam a2200361 a 4500001001200000003000800012006001900020007001500039008004100054020001800095020001500113040002100128035002100149050002400170110003300194245040400227260005700631300001600688490002700704504004100731533015200772650003600924655002900960700002300989700001901012700002301031710010801054710009001162710006801252710001701320856012601337999001701463ebr10395834CaPaEBRm u cr cn|||||||||100803s2010 dcu sb 100 0 eng d z9780309150248 z0309150248 aCaPaEBRcCaPaEBR a(OCoLC)65055872114aRC86.7b.I57 2010eb2 aInstitute of Medicine (U.S.)14aThe Public Health Emergency Medical Countermeasures Enterpriseh[electronic resource] :binnovative strategies to enhance products from discovery through approval : workshop summary /cTheresa Wizemann, Clare Stroud and Bruce M. Altevogt ; Forum on Medical and Public Health Preparedness for Catastrophic Events, Forum on Drug Discovery, Development and Translation, Board on Health Sciences Policy. aWashington, D.C. :bNational Academies Press,c2010. axiv, 179 p.0 aThe national academies aIncludes bibliographical references. aElectronic reproduction.bPalo Alto, Calif. :cebrary,d2011.nAvailable via World Wide Web.nAccess may be limited to ebrary affiliated libraries. 0aEmergency medicinevCongresses. 7aElectronic books.2local1 aWizemann, Theresa.1 aStroud, Clare.1 aAltevogt, Bruce M.2 aInstitute of Medicine (U.S.).bForum on Medical and Public Health Preparedness for Catastrophic Events.2 aInstitute of Medicine (U.S.).bForum on Drug Discovery, Development, and Translation.2 aInstitute of Medicine (U.S.).bBoard on Health Sciences Policy.2 aebrary, Inc.40uhttp://site.ebrary.com/lib/rucke/Doc?id=10395834zAn electronic book accessible through the World Wide Web; click to view c96131d96131